000 00363nam a2200145Ia 4500
008 230312s9999||||xx |||||||||||||| ||und||
020 _a81-239-0450-9
082 _a720.19
_bSUR-C
100 _aSuraj;Singh
245 0 _aCivil Engineering Building Practice
260 _bCBS
_aIndia
_c2014
300 _a648
650 _aArchitecture
_vArt & Design
942 _cBK
999 _c11565
_d11565